What Went Wrong In India & How To Set Them Right (Record no. 51605)
[ view plain ]
| 000 -LEADER | |
|---|---|
| fixed length control field | 00433nam a22001697a 4500 |
| 003 - CONTROL NUMBER IDENTIFIER | |
| control field | MACL |
| 005 - DATE AND TIME OF LATEST TRANSACTION | |
| control field | 20151223125423.0 |
| 008 - FIXED-LENGTH DATA ELEMENTS--GENERAL INFORMATION | |
| fixed length control field | 151223b xxu||||| |||| 00| 0 eng d |
| 040 ## - CATALOGING SOURCE | |
| Transcribing agency | MACL |
| 041 ## - LANGUAGE CODE | |
| Language code of text/sound track or separate title | English |
| 082 ## - DEWEY DECIMAL CLASSIFICATION NUMBER | |
| Classification number | 001/KES |
| 100 ## - MAIN ENTRY--PERSONAL NAME | |
| Personal name | Dr.B. Keshavan |
| 9 (RLIN) | 22311 |
| 245 ## - TITLE STATEMENT | |
| Title | What Went Wrong In India & How To Set Them Right |
| 260 ## - PUBLICATION, DISTRIBUTION, ETC. (IMPRINT) | |
| Place of publication, distribution, etc. | Bangalore |
| Name of publisher, distributor, etc. | Universal Publishers |
| Date of publication, distribution, etc. | 2007 |
| 651 ## - SUBJECT ADDED ENTRY--GEOGRAPHIC NAME | |
| Geographic name | G.K |
| 9 (RLIN) | 22312 |
| 942 ## - ADDED ENTRY ELEMENTS (KOHA) | |
| Source of classification or shelving scheme | |
| Koha item type | Books |
| Withdrawn status | Lost status | Source of classification or shelving scheme | Damaged status | Not for loan | Home library | Current library | Date acquired | Total Checkouts | Full call number | Barcode | Date last seen | Price effective from | Koha item type |
|---|---|---|---|---|---|---|---|---|---|---|---|---|---|
| MACL | MACL | 23/12/2015 | 001/KES | CRE025668 | 02/05/2024 | 23/12/2015 | Books |









